000 00442nam a2200169Ia 4500
008 170705s9999 xx 000 0 und d
020 _a439385903
245 _aMiss Bindergarten stays home from Kindergarten /
245 _cJoseph Slate ; illustrated by Ashley Wolff.
260 _aNew York :
260 _bScholastic,
260 _c2000
300 _aunpaged :
300 _bcolor illustration ;
300 _c28cm.
500 _a270
999 _c336835
_d336835